[Event "6th EICC"]
[Site "Warsaw POL"]
[Date "2005.06.18"]
[Round "1"]
[White "Marzolo,C"]
[Black "Anastasian,A"]
[Result "0-1"]
[WhiteElo "2388"]
[BlackElo "2574"]
[EventDate "2005.06.18"]

1. d4 Nf6 2. c4 e6 3. Nc3 Bb4 4. Qc2 c5 5. dxc5 Na6 6. a3 Bxc5 7. Nf3 O-O
8. Bg5 h6 9. Bh4 Be7 10. e4 b6 11. Be2 Bb7 12. b4 Nc7 13. O-O Nh5 14. Bxe7
Qxe7 15. g3 Nf6 16. Rfe1 Rfd8 17. Bf1 Rac8 18. Qe2 d6 19. Nd4 Nce8 20. Rac1
Nd7 21. f4 a6 22. Nb3 Rc7 23. Qe3 Rb8 24. Red1 Rcc8 25. Rd2 Rc7 26. Rdd1
Ba8 27. Rd2 Rbc8 28. Rcd1 h5 29. Be2 g6 30. h3 Nef6 31. Qd4 Ne8 32. Qe3 Qf6
33. Na4 Rb8 34. Nc3 Qe7 35. Nd4 Rbc8 36. Nf3 Nef6 37. Qd4 Ne8 38. Qe3 Nef6
39. Qd4 Ne8 40. Qe3 Qf6 41. Kh2 e5 42. f5 gxf5 43. exf5 Ng7 44. g4 hxg4 45.
hxg4 e4 46. Nxe4 Bxe4 47. Qxe4 Re8 48. Qc2 Ne5 49. Kg3 Rce7 50. Qc3 Nxf5+
51. gxf5 Qg7+ 52. Kf2 Ng4+ 53. Kf1 Qxc3 0-1

[Event "6th EICC"]
[Site "Warsaw POL"]
[Date "2005.06.18"]
[Round "1"]
[White "Olszewski,Mi"]
[Black "Palac,M"]
[Result "0-1"]
[WhiteElo "2387"]
[BlackElo "2574"]
[EventDate "2005.06.18"]

1. e4 c5 2. Nf3 d6 3. d4 cxd4 4. Nxd4 Nf6 5. Nc3 a6 6. Be3 e6 7. a4 b6 8.
f3 Bb7 9. Qd2 Nbd7 10. Qf2 Qc7 11. Be2 d5 12. exd5 Bxd5 13. Qg3 e5 14. Rd1
Bb7 15. Nb3 Nh5 16. Qg5 g6 17. O-O Be7 18. Qh6 Bf8 19. Qg5 Be7 20. Qh6 Ndf6
21. Bf2 Nf4 22. Qg7 Rg8 23. Qh6 g5 24. Bd3 N6h5 25. Rfe1 Bf8 26. Nb5 axb5
27. Bxb5+ Ke7 28. Bd4 Bxh6 29. Bxe5 Qxe5 30. Rxe5+ Kf8 31. Rd6 g4 32. Rxh6
gxf3 0-1

[Event "6th EICC"]
[Site "Warsaw POL"]
[Date "2005.06.18"]
[Round "1"]
[White "Azarov,S"]
[Black "Zawadzka,J"]
[Result "1-0"]
[WhiteElo "2572"]
[BlackElo "2383"]
[EventDate "2005.06.18"]

1. e4 e5 2. Nf3 Nc6 3. Bb5 a6 4. Ba4 Nf6 5. O-O b5 6. Bb3 Bb7 7. d3 Be7 8.
a4 O-O 9. Nc3 b4 10. Ne2 d5 11. exd5 Nxd5 12. a5 Qd7 13. Re1 Rae8 14. c3
Bf6 15. Qc2 Nf4 16. Nxf4 exf4 17. Bxf4 Rxe1+ 18. Nxe1 Qf5 19. Bxc7 bxc3 20.
bxc3 Nb4 21. Qe2 Bxc3 22. Rc1 Bxe1 23. Rxe1 Nxd3 24. Rd1 Nf4 25. Bxf4 Qxf4
26. Qe7 Qb8 27. Bxf7+ Rxf7 28. Rd8+ Qxd8 29. Qxd8+ Rf8 30. Qd7 Bc8 31. Qd5+
Kh8 32. f3 h6 33. Qc6 Kh7 34. Kf2 Kh8 35. h4 Kh7 36. Ke3 Kh8 37. g4 1-0

[Event "6th EICC"]
[Site "Warsaw POL"]
[Date "2005.06.18"]
[Round "1"]
[White "Dworakowska,J"]
[Black "Khismatullin,D"]
[Result "0-1"]
[WhiteElo "2383"]
[BlackElo "2572"]
[EventDate "2005.06.18"]

1. e4 c5 2. Nf3 d6 3. d4 cxd4 4. Nxd4 Nf6 5. Nc3 a6 6. Bg5 e6 7. f4 Qb6 8.
Qd2 Nc6 9. Bxf6 gxf6 10. Nb3 Qc7 11. O-O-O b5 12. a3 Rb8 13. Kb1 b4 14.
axb4 Nxb4 15. f5 Be7 16. fxe6 fxe6 17. h4 Qb6 18. Bc4 Nc6 19. Qh6 Bd7 20.
Be2 Nb4 21. Qh5+ Kd8 22. Qa5 Rg8 23. g4 Kc7 24. Rd2 Qxa5 25. Nxa5 Nc6 26.
Nc4 Rbd8 27. b3 Bc8 28. Kb2 Bb7 29. Rf1 h6 30. Ne3 Ne5 31. Ra1 Ra8 32. Ra4
Bc6 33. Rxa6 Rxa6 34. Bxa6 Nxg4 35. Nxg4 Rxg4 36. Bd3 Kd7 37. Rh2 Bd8 38.
Be2 Rg3 39. Bf1 Ba5 40. Ne2 Rf3 41. Rh1 Bxe4 42. Rg1 d5 43. Rg7+ Kd6 44.
Ng3 Bc3+ 45. Ka3 Bxc2 46. Be2 Re3 47. Bb5 Be5 0-1

[Event "6th EICC"]
[Site "Warsaw POL"]
[Date "2005.06.18"]
[Round "1"]
[White "Popov,Val"]
[Black "Mazi,L"]
[Result "1-0"]
[WhiteElo "2568"]
[BlackElo "2365"]
[EventDate "2005.06.18"]

1. Nf3 d5 2. c4 e6 3. d4 dxc4 4. Qa4+ Nd7 5. e4 c5 6. Bxc4 cxd4 7. O-O Bc5
8. Rd1 Ne7 9. b4 Bb6 10. Nxd4 Ng6 11. Be3 Qf6 12. Nc3 O-O 13. Bf1 Nde5 14.
h3 Nf4 15. Nce2 Neg6 16. g3 e5 17. Nf5 Bxf5 18. exf5 Qxf5 19. gxf4 Nxf4 20.
Bxb6 axb6 21. Qb3 Rac8 22. Nc3 Qg5+ 23. Kh2 Rc6 24. Nd5 Nxd5 25. Rxd5 Rg6
26. Qg3 Qf6 27. Qe3 Rg5 28. Rad1 Rf5 29. Kg1 Rg5+ 30. Kh1 Rf5 31. R1d2 Rc8
32. Rd6 Qh4 33. Qxb6 Qe4+ 34. Bg2 Rc1+ 35. Rd1 1-0

[Event "6th EICC"]
[Site "Warsaw POL"]
[Date "2005.06.18"]
[Round "1"]
[White "Asauskas,H"]
[Black "Nevednichy,V"]
[Result "0-1"]
[WhiteElo "2357"]
[BlackElo "2566"]
[EventDate "2005.06.18"]

1. e4 c5 2. Nf3 d6 3. d4 cxd4 4. Nxd4 Nf6 5. Nc3 Nc6 6. Bc4 Qb6 7. Nxc6
bxc6 8. O-O g6 9. Qe1 Nd7 10. Na4 Qc7 11. Qc3 Rg8 12. f4 Bg7 13. Qf3 Nb6
14. Nxb6 axb6 15. c3 Rf8 16. Be3 f5 17. Qh3 Rh8 18. Bd4 Bxd4+ 19. cxd4 fxe4
20. Be6 Bxe6 21. Qxe6 Rf8 22. Qxe4 d5 23. Qe3 Qd7 24. Rfe1 Rf6 25. a4 Qd6
26. g3 Kf7 27. Qb3 c5 28. Re5 e6 29. dxc5 Qxc5+ 30. Kg2 Qc6 31. Kh3 Rf5 32.
Rae1 Rxe5 33. fxe5 Rxa4 34. Rf1+ Kg8 35. Rf6 Ra7 36. Qf3 Qe8 37. Qg4 Re7
38. Qb4 Qd8 39. Qd6 Qxd6 40. exd6 Rd7 41. Rxe6 Kf7 42. Re5 Rxd6 43. Kg4 Kf6
44. Kf4 h6 45. h4 h5 46. Re3 Rc6 47. Rb3 Ke6 48. Rb5 Kd6 49. b3 Ke6 50. Rb4
Rd6 51. Rd4 Rd8 52. Rb4 Rd6 53. Rd4 Kf6 54. Rd3 Rd8 55. Rd4 b5 56. Rb4 d4
57. Rxb5 d3 58. Rb6+ Kg7 0-1

[Event "6th EICC"]
[Site "Warsaw POL"]
[Date "2005.06.18"]
[Round "1"]
[White "Murtez,H"]
[Black "Kornev,Alexei"]
[Result "1/2-1/2"]
[WhiteElo "2354"]
[BlackElo "2565"]
[EventDate "2005.06.18"]

1. e4 c6 2. d4 d5 3. Nc3 dxe4 4. Nxe4 Bf5 5. Ng3 Bg6 6. Nf3 Nd7 7. Bd3 e6
8. O-O Qc7 9. Re1 O-O-O 10. Qe2 Ngf6 11. Bg5 Bxd3 12. Qxd3 h6 13. Bc1 Bd6
14. c3 g5 15. Nd2 h5 16. Nc4 h4 17. Nf1 Rdg8 18. Nxd6+ Qxd6 19. Qf3 h3 20.
g3 g4 21. Qf4 Qxf4 22. Bxf4 Nd5 23. Bd2 Re8 24. c4 N5b6 25. b3 c5 26. Bc3
Rhg8 27. Rad1 cxd4 28. Rxd4 Nb8 29. Ne3 f5 30. c5 N6d7 31. Nc4 Nc6 32. Nd6+
Kb8 33. Rc4 Re7 34. b4 Rf8 35. b5 Nd8 36. Bb4 Rh7 37. Rc2 Nf6 38. c6 Nd5
39. Ba3 Rg8 40. cxb7 Nxb7 41. Rxe6 Nxd6 42. Bxd6+ Kb7 43. Rc5 Nb6 44. Rxf5
Rd7 45. f3 Nc4 46. Bb4 gxf3 47. Rxf3 Rg5 48. a4 Re5 49. Rh6 Ne3 50. Rd6 Rc7
51. Rc6 Rxc6 52. bxc6+ Kxc6 53. Bd2 Ng4 54. Rf4 Re2 55. Rxg4 Rg2+ 56. Kf1
Rxd2 57. Rh4 Rxh2 58. Rh5 Kb6 59. g4 Rb2 60. Rxh3 Rb4 61. Ke2 Rxa4 62. Kd1
Ra2 1/2-1/2

[Event "6th EICC"]
[Site "Warsaw POL"]
[Date "2005.06.18"]
[Round "1"]
[White "Parligras,M"]
[Black "Tazbir,M"]
[Result "1-0"]
[WhiteElo "2560"]
[BlackElo "2322"]
[EventDate "2005.06.18"]

1. e4 c5 2. Nf3 e6 3. d4 cxd4 4. Nxd4 a6 5. Bd3 d6 6. O-O Nd7 7. c4 g6 8.
Nc3 Bg7 9. Be3 Ngf6 10. f4 e5 11. Nb3 exf4 12. Bxf4 Ne5 13. Be2 Qe7 14. Qd2
Be6 15. c5 Rd8 16. Rad1 Bxb3 17. axb3 d5 18. Bxe5 Qxe5 19. exd5 O-O 20. Qf4
Rfe8 21. b4 Qxf4 22. Rxf4 Nd7 23. Bf3 f5 24. d6 Bh6 25. Bd5+ Kg7 26. Rf3
Rb8 27. Bb3 Ne5 28. Rh3 Ng4 29. d7 Red8 30. Ba4 Be3+ 31. Kf1 f4 32. Rd6 a5
33. Ne4 f3 34. gxf3 Ne5 35. bxa5 Bf4 36. b4 Nc6 37. Rd1 g5 38. Ng3 1-0

[Event "6th EICC"]
[Site "Warsaw POL"]
[Date "2005.06.18"]
[Round "1"]
[White "Romanishin,O"]
[Black "Guadalpi,D"]
[Result "1/2-1/2"]
[WhiteElo "2559"]
[BlackElo "2317"]
[EventDate "2005.06.18"]

1. d4 Nf6 2. Nf3 e6 3. g3 d5 4. Bg2 Be7 5. c4 O-O 6. O-O dxc4 7. Qc2 a6 8.
a4 Bd7 9. Qxc4 Bc6 10. Bg5 Bd5 11. Qd3 c5 12. dxc5 Nbd7 13. Nc3 Nxc5 14.
Qe3 Qa5 15. Qf4 Nb3 16. Rad1 Bc6 17. Qc4 Qb4 18. Ne5 Bxg2 19. Kxg2 Rfc8 20.
Qxb4 Bxb4 21. Na2 Ba5 22. Nc1 Nxc1 23. Rxc1 Bc7 24. Bxf6 gxf6 25. Nd3 Bd6
26. f4 f5 27. Kf3 Kf8 28. h3 h5 29. Rxc8+ Rxc8 30. Rc1 Rd8 31. Rc3 Ke7 32.
Rb3 Rd7 33. Rc3 Rd8 34. Rc4 Rg8 35. Rc1 Rd8 36. Rc3 f6 37. Rb3 Rd7 38. Rc3
Rd8 39. g4 hxg4+ 40. hxg4 fxg4+ 41. Kxg4 Kd7 42. Rc1 Rh8 43. Nf2 Rh2 44.
Rf1 Rh8 45. Kf3 Rc8 46. Rd1 Rc6 47. Nd3 Rc7 48. e4 Rc4 49. e5 Be7 50. Rh1
f5 51. Rh7 Kd8 52. Rh8+ Kd7 53. Rb8 Kc7 54. Re8 Kd7 55. Rb8 Kc7 56. Re8
1/2-1/2

[Event "6th EICC"]
[Site "Warsaw POL"]
[Date "2005.06.18"]
[Round "1"]
[White "Postny,E"]
[Black "Kuraszkiewicz,M"]
[Result "1-0"]
[WhiteElo "2556"]
[BlackElo "2300"]
[EventDate "2005.06.18"]

1. d4 d5 2. c4 c6 3. Nf3 Nf6 4. Nc3 a6 5. c5 g6 6. Bf4 Nh5 7. Bg5 h6 8. Be3
Bg7 9. g3 Nd7 10. Bg2 O-O 11. O-O Kh7 12. Qd2 f5 13. Rad1 Nhf6 14. Qc2 Ne4
15. Na4 Qe8 16. Bf4 e5 17. Nxe5 Nxe5 18. Bxe5 Bxe5 19. dxe5 Qxe5 20. e3 Be6
21. Rd4 Rae8 22. Rfd1 Re7 23. b4 Bf7 24. Nb2 g5 25. Nd3 Qg7 26. Qb2 Bh5 27.
Re1 Bg6 28. a4 h5 29. b5 axb5 30. axb5 h4 31. Rb4 Nf6 32. gxh4 f4 33. Ne5
Ne4 34. Nxg6 Qxg6 35. exf4 gxf4 36. f3 Rg7 37. bxc6 bxc6 38. Rb7 Nf6 39.
Rxg7+ Qxg7 40. Kh1 Re8 41. Rg1 Nh5 42. Qb1+ Qg6 43. Qb7+ Kh8 44. Bh3 Qf6
45. Qd7 Ng7 46. h5 Re2 47. Qc8+ Re8 48. Qg4 Re5 49. Bf1 Re1 50. Qc8+ Re8
51. Qh3 Re1 52. h6 Nf5 53. Qg4 1-0

[Event "6th EICC"]
[Site "Warsaw POL"]
[Date "2005.06.18"]
[Round "1"]
[White "Nijboer,F"]
[Black "Stoma,P"]
[Result "1-0"]
[WhiteElo "2553"]
[BlackElo "2295"]
[EventDate "2005.06.18"]

1. e4 c5 2. Nf3 e6 3. Nc3 a6 4. d4 cxd4 5. Nxd4 Qc7 6. Be2 Nf6 7. O-O Bc5
8. Kh1 Nc6 9. Nxc6 bxc6 10. f4 d6 11. Qd3 O-O 12. b3 Bb7 13. Bb2 Bb4 14.
Na4 Qe7 15. e5 dxe5 16. fxe5 Nd7 17. Qg3 c5 18. Bd3 Bc6 19. Rf4 Bxa4 20.
bxa4 g6 21. Rd1 Kg7 22. h4 Rab8 23. Ba1 Ba5 24. h5 Rb4 25. c4 Rg8 26. Rdf1
Rxa4 27. a3 Rxa3 28. Rxf7+ Qxf7 29. Rxf7+ Kxf7 30. Bxg6+ hxg6 31. Qxa3 Bc7
32. h6 Rh8 33. Qe3 Bd8 34. Bc3 g5 35. Qf3+ Ke7 36. Qh5 Nf8 37. Qxg5+ Ke8
38. Qh5+ Kd7 39. g4 Be7 40. g5 1-0

[Event "6th EICC"]
[Site "Warsaw POL"]
[Date "2005.06.18"]
[Round "1"]
[White "Nyback,T"]
[Black "Loeffler,S"]
[Result "0-1"]
[WhiteElo "2551"]
[BlackElo "2429"]
[EventDate "2005.06.18"]

1. d4 d5 2. Nf3 Nf6 3. c4 c6 4. Nc3 dxc4 5. a4 Bf5 6. e3 Bd3 7. Bxd3 cxd3
8. Qxd3 e6 9. e4 Be7 10. O-O O-O 11. Bg5 h6 12. Bh4 Nbd7 13. Rad1 Re8 14.
Rfe1 Qa5 15. Nd2 Rad8 16. Nc4 Qb4 17. e5 Nd5 18. Bxe7 Rxe7 19. a5 Nf4 20.
Qf1 b5 21. Nd6 Qxb2 22. Nce4 f5 23. exf6 Nxf6 24. Nxf6+ gxf6 25. Nf5 Rh7
26. Ne3 Rg7 27. g3 Rxd4 28. Kh1 Rxd1 29. Nxd1 Qb3 30. Re3 Qd5+ 31. f3 Rd7
32. Nf2 Ng6 33. Qh3 Qf5 34. Ng4 Rd1+ 35. Kg2 Qc2+ 36. Nf2 Nf8 37. Qg4+ Kf7
38. Qh5+ Ke7 39. f4 Rd2 40. Qf3 b4 41. Kg1 Nd7 42. Re1 b3 43. Qe3 Nc5 44.
Ne4 Nxe4 0-1

[Event "6th EICC"]
[Site "Warsaw POL"]
[Date "2005.06.18"]
[Round "1"]
[White "Matras,A"]
[Black "Halkias,S"]
[Result "0-1"]
[WhiteElo "2280"]
[BlackElo "2549"]
[EventDate "2005.06.18"]

1. e4 c5 2. c3 Nf6 3. e5 Nd5 4. d4 cxd4 5. Nf3 e6 6. cxd4 d6 7. Bc4 Nb6 8.
Bb5+ Bd7 9. Bxd7+ N8xd7 10. Nc3 dxe5 11. dxe5 Bb4 12. O-O Bxc3 13. bxc3 Qc7
14. Qd4 O-O 15. Re1 Qc4 16. Ng5 Nc5 17. Ba3 Rfc8 18. Rad1 Nca4 19. Bb4 a5
20. Qxc4 Nxc4 21. Be7 h6 22. Ne4 Nxe5 23. Nd6 Rc7 24. Rxe5 Rxe7 25. Nb5 Rc8
26. g3 b6 27. Rd3 Nb2 28. Rd4 g6 29. Re2 e5 30. Rd5 Na4 31. Re3 Kf8 32. Kg2
Rc5 33. Red3 Rxd5 34. Rxd5 Re6 35. Rd8+ Re8 36. Rd7 Re6 37. a3 Rc6 38. Rb7
Nxc3 39. Nxc3 Rxc3 40. Rxb6 Rxa3 41. Rb7 a4 42. Ra7 Ra2 43. Kf3 h5 44. h3
Kg8 45. h4 Kg7 46. Ke3 Kf6 47. Kf3 a3 48. Ke3 Ra1 49. Kf3 a2 50. Ra6+ Kf5
51. Ra7 e4+ 52. Kg2 g5 53. hxg5 Kxg5 54. Ra5+ Kh6 55. Ra7 f5 56. Ra8 h4 0-1

[Event "6th EICC"]
[Site "Warsaw POL"]
[Date "2005.06.18"]
[Round "1"]
[White "Erturan,Y"]
[Black "Perunovic,Mil"]
[Result "1-0"]
[WhiteElo "2277"]
[BlackElo "2549"]
[EventDate "2005.06.18"]

1. e4 c5 2. Nf3 Nc6 3. Bb5 g6 4. O-O Bg7 5. c3 Nf6 6. Re1 O-O 7. d4 d5 8.
exd5 Qxd5 9. c4 Qd6 10. dxc5 Qxd1 11. Rxd1 Ne4 12. Na3 Nb4 13. Ne1 a6 14.
Ba4 Nxc5 15. Bc2 Be6 16. Be3 Nxc2 17. Nexc2 Na4 18. Nd4 Nxb2 19. Rdc1 Bc8
20. Rab1 Nd3 21. Rd1 e5 22. Nb3 e4 23. Na5 Bc3 24. Nxb7 Bb2 25. Nc2 Rb8 26.
Nc5 Bf5 27. Nxa6 Ra8 28. Nab4 Rfc8 29. Nd5 Rd8 30. Ne1 Ba3 31. Nxd3 exd3
32. g4 Be6 33. Rxd3 Bf8 34. Rd2 Bg7 35. f3 h6 36. Rbd1 Kh7 37. Nc7 Rxd2 38.
Rxd2 Ra3 39. Nxe6 Rxe3 40. Nxg7 Kxg7 41. Rc2 Rxf3 42. c5 Re3 43. c6 Re8 44.
c7 Rc8 45. a4 1-0

[Event "6th EICC"]
[Site "Warsaw POL"]
[Date "2005.06.18"]
[Round "1"]
[White "Esen,B"]
[Black "Potkin,V"]
[Result "1/2-1/2"]
[WhiteElo "2287"]
[BlackElo "2552"]
[EventDate "2005.06.18"]

1. d4 Nf6 2. c4 e6 3. Nc3 Bb4 4. Qc2 c5 5. dxc5 O-O 6. Nf3 Na6 7. Bd2 Nxc5
8. a3 Bxc3 9. Bxc3 Nce4 10. Bxf6 Nxf6 11. e4 d6 12. Bd3 e5 13. O-O Be6 14.
Rfd1 Rc8 15. Rac1 Qe7 16. Qe2 Bg4 17. Qe3 a6 18. Be2 Rc6 19. Nd2 Be6 20. b3
Qc7 21. Nb1 Qb6 22. Qxb6 Rxb6 23. Nd2 Rc8 24. f3 Kf8 25. Rb1 Nd7 26. Kf2
Nc5 27. Rdc1 Rbc6 28. Nf1 a5 29. Ne3 g6 30. Rd1 Nd7 31. b4 Ke7 32. Rb2 axb4
33. axb4 Nb6 34. c5 dxc5 35. bxc5 Na4 36. Rxb7+ R6c7 37. c6 Nc3 38. Rd3
Nxe2 39. Kxe2 Rxb7 40. cxb7 Rb8 41. Nd5+ Bxd5 42. Rxd5 Rxb7 43. Rxe5+ Kf6
44. Rd5 h5 45. Kf2 Rb2+ 46. Kg3 Ra2 47. Rd6+ Ke7 48. Rd3 Re2 49. Ra3 Kf6
50. Ra6+ Kg7 51. h4 Rb2 52. Ra1 Kf6 53. Rf1 Kg7 54. Rf2 Rb6 55. Rd2 Ra6 56.
Kf4 Rb6 57. Rd7 Rb2 58. g3 Rb3 59. e5 Rb4+ 60. Kg5 Rb3 61. Kf4 Rb4+ 62. Ke3
Kf8 63. Rd4 Rb3+ 64. Kf4 Kg7 65. Ra4 Rc3 66. g4 hxg4 67. fxg4 Rc1 68. Ra7
Rc4+ 69. Kf3 Kf8 70. Rb7 Ra4 71. Rd7 Rb4 72. Rd3 Ke7 73. Re3 Ke6 74. Re4
Rb3+ 75. Kf4 f6 76. exf6+ Kxf6 77. Ra4 g5+ 78. hxg5+ Kg6 79. Ra6+ Kg7 80.
Re6 Rb5 81. Re7+ Kg6 82. Re6+ Kg7 83. Re5 Rb1 84. Re7+ Kg6 85. Re6+ Kg7 86.
g6 Rb5 87. Ra6 Rc5 88. Kg3 Rg5 89. Kh4 Rxg6 90. Ra7+ Kg8 91. Kh5 Rb6 92.
Rc7 Ra6 93. Rc3 Kg7 94. Rc7+ Kg8 95. g5 Rb6 96. g6 Rb1 1/2-1/2

[Event "6th EICC"]
[Site "Warsaw POL"]
[Date "2005.06.19"]
[Round "2"]
[White "Szewczak,And"]
[Black "Sergeev,Vl"]
[Result "0-1"]
[WhiteElo "1995"]
[BlackElo "2458"]
[EventDate "2005.06.18"]

1. e4 Nf6 2. Nc3 d5 3. e5 Ne4 4. Nxe4 dxe4 5. d4 Bf5 6. Be3 e6 7. c3 Be7 8.
f3 O-O 9. Bb5 c5 10. Qe2 a6 11. Ba4 Qa5 12. Bc2 cxd4 13. Bxd4 Nc6 14. Kf1
Nxd4 15. cxd4 exf3 16. Nxf3 Bxc2 17. Qxc2 Rac8 18. Qb3 Qb4 19. Rd1 Qxb3 20.
axb3 Bb4 21. Ne1 Bxe1 22. Kxe1 Rc2 23. Rd2 Rc1+ 24. Rd1 Rxd1+ 25. Kxd1 Rd8
26. Ke2 Rxd4 27. Rc1 g6 28. Ke3 Rd5 29. Kf4 Rd2 30. g4 Rxb2 31. h4 Rxb3 32.
h5 Kg7 33. Rc7 h6 34. g5 hxg5+ 35. Kxg5 gxh5 36. Kxh5 a5 37. Rc4 b5 38.
Rg4+ Kf8 39. Kg5 Ke7 40. Rg2 b4 41. Ra2 Ra3 42. Rc2 Rc3 43. Ra2 Rc5 44. Kf4
b3 45. Ra3 Rb5 46. Ra1 b2 47. Rb1 a4 48. Ke4 a3 49. Kd3 a2 50. Rxb2 Rxb2
51. Kc4 a1=N 52. Kc5 Nc2 53. Kc6 Rb4 54. Kc7 Nd4 55. Kc8 Nc6 56. Kc7 Nxe5
57. Kc8 Kd6 58. Kd8 Rb8+ 0-1

[Event "6th EICC"]
[Site "Warsaw POL"]
[Date "2005.06.19"]
[Round "2"]
[White "Khmelniker,I"]
[Black "Gluszko,T"]
[Result "1-0"]
[WhiteElo "2458"]
[BlackElo "1977"]
[EventDate "2005.06.18"]

1. d4 Nf6 2. c4 g6 3. Nc3 Bg7 4. e4 d6 5. f4 O-O 6. Nf3 c5 7. d5 e6 8. Be2
exd5 9. cxd5 Bg4 10. O-O Nbd7 11. Re1 Re8 12. Bf1 a6 13. a4 Rb8 14. h3 Bxf3
15. Qxf3 Qc7 16. Be3 Kh8 17. Rad1 b5 18. axb5 axb5 19. Nxb5 Qb6 20. Bf2 g5
21. e5 dxe5 22. fxg5 Ng8 23. Qxf7 Re7 24. Qh5 e4 25. d6 Re5 26. Qg4 Qc6 27.
Nc3 Rb4 28. Bg3 Re8 29. Qh5 Re6 30. Qf7 Rg6 31. Nd5 Bd4+ 32. Rxd4 Rg7 33.
Nxb4 Qb6 34. Qc4 cxd4 35. Nd5 Qa7 36. Rxe4 d3+ 37. Bf2 d2 38. Bxa7 d1=Q 39.
Bd4 1-0

[Event "6th EICC"]
[Site "Warsaw POL"]
[Date "2005.06.19"]
[Round "2"]
[White "Van der Weide,K"]
[Black "Kopczynski,M"]
[Result "0-1"]
[WhiteElo "2472"]
[BlackElo "2150"]
[EventDate "2005.06.18"]

1. c4 Nf6 2. Nf3 g6 3. Nc3 Bg7 4. e4 d6 5. d4 O-O 6. Be2 e5 7. O-O Nc6 8.
d5 Ne7 9. b4 Nh5 10. Re1 f5 11. Ng5 Nf4 12. Bf1 h6 13. Nf3 fxe4 14. Nd2 Nf5
15. Ndxe4 Nd4 16. Be3 Bf5 17. Rc1 Qh4 18. Kh1 Bg4 19. f3 Nxg2 20. Bxg2 Nxf3
21. h3 Bxh3 22. Bf2 Qh5 23. Ng3 Bxg2+ 24. Kxg2 Qh2+ 25. Kf1 Nd4 0-1

[Event "6th EICC"]
[Site "Warsaw POL"]
[Date "2005.06.19"]
[Round "2"]
[White "Del Rio Angelis,S"]
[Black "Matras,A"]
[Result "1-0"]
[WhiteElo "2495"]
[BlackElo "2280"]
[EventDate "2005.06.18"]

1. d4 d5 2. c4 c6 3. Nf3 Nf6 4. Nc3 dxc4 5. a4 Bf5 6. Ne5 Na6 7. f3 Nd7 8.
Nxc4 e5 9. e4 exd4 10. Ne2 Bb4+ 11. Kf2 Bc5 12. exf5 d3+ 13. Kg3 dxe2 14.
Qxe2+ Kf8 15. Bf4 Qf6 16. Ne5 Qxf5 17. Qe4 Qxe4 18. Nxd7+ Ke7 19. fxe4 Kxd7
20. Bxa6 bxa6 21. Rac1 Bb6 22. b4 a5 23. Rhd1+ Ke7 24. bxa5 Bxa5 25. Bd6+
Kf6 26. Rxc6 Rhc8 27. Ra6 Bb6 28. a5 Bd8 29. Bb4+ Ke5 30. Kf3 1-0

[Event "6th EICC"]
[Site "Warsaw POL"]
[Date "2005.06.19"]
[Round "2"]
[White "Kovchan,A"]
[Black "Praszak,M"]
[Result "1-0"]
[WhiteElo "2488"]
[BlackElo "2261"]
[EventDate "2005.06.18"]

1. e4 c5 2. Nf3 d6 3. d4 cxd4 4. Nxd4 Nf6 5. Nc3 g6 6. Be3 Bg7 7. f3 Nc6 8.
Qd2 O-O 9. Bc4 Bd7 10. O-O-O Rc8 11. Bb3 Ne5 12. h4 Nc4 13. Bxc4 Rxc4 14.
h5 Nxh5 15. g4 Nf6 16. Nb3 Qc7 17. e5 dxe5 18. g5 Bf5 19. gxf6 exf6 20. Kb1
Rc8 21. Ka1 b6 22. Nb5 Qb8 23. Nd6 Rxc2 24. Qb4 Bf8 25. Nxc8 Qxc8 26. Qe1
Qc6 27. Bh6 Bxh6 28. Qh4 Bd2 29. Qxh7+ Kf8 30. Rxd2 Rxd2 31. Nxd2 Qd5 32.
Qh6+ Ke7 33. Qe3 1-0

[Event "6th EICC"]
[Site "Warsaw POL"]
[Date "2005.06.19"]
[Round "2"]
[White "Wojcicki,L"]
[Black "Neubauer,M"]
[Result "0-1"]
[WhiteElo "1833"]
[BlackElo "2457"]
[EventDate "2005.06.18"]

1. d4 Nf6 2. Nf3 g6 3. c4 Bg7 4. Nc3 O-O 5. e4 d6 6. Bd3 Nc6 7. h3 Nd7 8.
Be3 e5 9. d5 Nd4 10. Qd2 c5 11. dxc6 bxc6 12. Bh6 Nc5 13. Bxg7 Kxg7 14. Rd1
Nxf3+ 15. gxf3 Qh4 16. Bf1 Rd8 17. Ne2 a5 18. Nc1 Nxe4 19. Qe3 Nf6 20. Qb6
Be6 21. b3 d5 22. Qxc6 dxc4 23. Rxd8 Rxd8 24. Bxc4 Qd4 25. Kf1 Rc8 26. Qb5
0-1

[Event "6th EICC"]
[Site "Warsaw POL"]
[Date "2005.06.19"]
[Round "2"]
[White "Krasiewicz,R"]
[Black "Williams,Si"]
[Result "0-1"]
[WhiteElo "2056"]
[BlackElo "2466"]
[EventDate "2005.06.18"]

1. d4 e6 2. e4 d5 3. Nc3 Bb4 4. exd5 exd5 5. Bd3 Nc6 6. Nge2 Bg4 7. Be3
Nge7 8. f3 Bf5 9. O-O Qd7 10. a3 Bxc3 11. Nxc3 O-O 12. Re1 Ng6 13. Ne2 Rae8
14. Bxf5 Qxf5 15. Qd2 Nd8 16. Nc1 Ne6 17. Nd3 b6 18. c3 h5 19. Re2 h4 20.
h3 c5 21. dxc5 bxc5 22. Bxc5 Nxc5 23. Nxc5 Rxe2 24. Qxe2 Nf4 25. Qf2 Qg5
26. Kh1 Re8 27. Rg1 Re2 28. Qf1 Qg3 29. b4 Rf2 30. Qa6 Rxg2 31. Qc8+ Kh7
32. Qf5+ Kh6 33. Qxf4+ Qxf4 34. Rxg2 Qxf3 0-1

[Event "6th EICC"]
[Site "Warsaw POL"]
[Date "2005.06.19"]
[Round "2"]
[White "Mastrovasilis,A"]
[Black "Sliwinski,M"]
[Result "1-0"]
[WhiteElo "2473"]
[BlackElo "2186"]
[EventDate "2005.06.18"]

1. d4 f5 2. g3 g6 3. Bg2 Bg7 4. c3 Nf6 5. Nd2 d5 6. Ndf3 O-O 7. Nh3 Nc6 8.
Nf4 Ne4 9. h4 Qd6 10. Nd3 Be6 11. Bf4 Qd7 12. h5 Bf6 13. Qc1 Kf7 14. Nfe5+
Nxe5 15. dxe5 Bg7 16. hxg6+ hxg6 17. f3 g5 18. fxe4 gxf4 19. Qxf4 dxe4 20.
Bxe4 c6 21. O-O-O Ke8 22. Nc5 Qc8 23. Bf3 b6 24. Bh5+ Bf7 25. Nd7 Bxh5 26.
Rxh5 Qa6 27. Nxf8 Bxf8 28. Rxf5 1-0

[Event "6th EICC"]
[Site "Warsaw POL"]
[Date "2005.06.19"]
[Round "2"]
[White "Kristjansson,St"]
[Black "Krzymowski,A"]
[Result "1-0"]
[WhiteElo "2461"]
[BlackElo "2034"]
[EventDate "2005.06.18"]

1. e4 c5 2. Nf3 Nc6 3. d4 cxd4 4. Nxd4 g6 5. c4 Bg7 6. Nc2 Nf6 7. Nc3 O-O
8. Be2 d6 9. O-O Bd7 10. Rb1 a5 11. b3 Nb4 12. Nd4 Nc6 13. Ndb5 Nb4 14. Bb2
Bc6 15. Bf3 Nd7 16. a3 Na6 17. Nd4 Ne5 18. Be2 Qb6 19. Nd5 Bxd5 20. exd5
Nc5 21. Kh1 Rfc8 22. f4 Ned7 23. Bg4 f5 24. Bxf5 gxf5 25. Nxf5 Nf6 26. Qe2
Nce4 27. Nxg7 Kxg7 28. Qxe4 Qd8 29. Rbe1 Rc7 30. Rf3 Qf8 31. Rh3 h6 32.
Ree3 e5 33. dxe6 d5 34. Reg3+ Kh8 35. Qg6 1-0

[Event "6th EICC"]
[Site "Warsaw POL"]
[Date "2005.06.19"]
[Round "2"]
[White "Grabarczyk,M"]
[Black "Bleis,C"]
[Result "1/2-1/2"]
[WhiteElo "2487"]
[BlackElo "2258"]
[EventDate "2005.06.18"]

1. d4 f5 2. c4 e6 3. Nf3 Nf6 4. g3 Be7 5. Bg2 O-O 6. O-O d6 7. Nc3 Ne4 8.
Qc2 Nxc3 9. bxc3 Nc6 10. d5 Na5 11. Nd4 e5 12. Ne6 Bxe6 13. dxe6 c6 14. Bh3
g6 15. Bh6 Rf6 16. e4 fxe4 17. Qxe4 Qb6 18. Bg5 Qc5 19. Bxf6 Bxf6 20. Rab1
Nxc4 21. Rfd1 b5 22. Bf1 d5 23. Qg4 Nd6 24. Qb4 Ne4 25. Qxc5 Nxc5 26. Bxb5
1/2-1/2

[Event "6th EICC"]
[Site "Warsaw POL"]
[Date "2005.06.19"]
[Round "2"]
[White "Leniart,A"]
[Black "Andreikin,D"]
[Result "1/2-1/2"]
[WhiteElo "2279"]
[BlackElo "2495"]
[EventDate "2005.06.18"]

1. d4 Nf6 2. Nf3 g6 3. c4 Bg7 4. Nc3 O-O 5. e4 d6 6. Be2 e5 7. O-O exd4 8.
Nxd4 Re8 9. f3 c6 10. Kh1 Na6 11. Be3 Nc7 12. Qd2 Qe7 13. Nc2 d5 14. cxd5
cxd5 15. exd5 Nfxd5 16. Nxd5 Nxd5 17. Qxd5 Bf5 18. Nd4 Qxe3 19. Nxf5 Qxe2
20. Nxg7 Kxg7 21. f4 Rad8 22. Qxb7 Rd2 23. f5 gxf5 24. Rg1 Re7 25. Qc8 Qe4
26. Raf1 Re6 27. Qc3+ Qd4 28. Qxd4+ Rxd4 29. Rxf5 Rd2 30. Ra5 Rxb2 31. Rxa7
Ree2 32. a4 Ra2 33. h3 Kg6 34. Ra6+ Kg7 35. Ra7 1/2-1/2

[Event "6th EICC"]
[Site "Warsaw POL"]
[Date "2005.06.19"]
[Round "2"]
[White "Pavasovic,D"]
[Black "Romanov,E"]
[Result "1/2-1/2"]
[WhiteElo "2593"]
[BlackElo "2437"]
[EventDate "2005.06.18"]

1. e4 e5 2. Nf3 Nc6 3. d4 exd4 4. Nxd4 Bc5 5. Nxc6 Qf6 6. Qd2 dxc6 7. Nc3
Ne7 8. Qf4 Be6 9. Qxf6 gxf6 10. Na4 Bd6 11. Be3 f5 12. Bd4 Rg8 13. e5 Rg4
14. O-O-O Bxe5 15. Bxe5 Rxa4 16. a3 Nd5 17. c4 Ne7 18. b3 Rxa3 19. Kb2 Ra6
20. Bxc7 c5 21. Be2 Rc6 22. Bg3 a5 23. Ra1 Rcc8 24. Rhd1 Nc6 25. Bf3 Ra7
26. Rd6 Nd4 27. Rb6 Nxf3 28. gxf3 Rca8 29. Bd6 Ra6 30. Bxc5 Rxb6 31. Bxb6
a4 32. bxa4 Bxc4 33. a5 f6 34. Rd1 Be6 35. Rd4 Kf7 36. Rh4 Kg6 37. Rd4 Kf7
38. Rh4 Kg6 39. Rd4 1/2-1/2